000 00666cam a22002171 4500
001 ne 64002929
003 DLC
005 20260227111806.0
008 840118s1964 ua 000 0 arar
010 _ane 64002929
035 _a(OCoLC)10313350
040 _aDLC
_cTxU
_dTxU
_dDLC
042 _apremarc
050 0 0 _aHQ10
_b.M38
100 1 _aMarzūq, ʻAbd al-Ṣabūr.
245 1 0 _aIlayka yā waladī
_cbi-qalam ʻAbd al-Ṣabūr Marzūq. Taqdīm Ṣalāḥ Dasūqī.
260 _aal-Qāhirah,
_bDār al-Nahḍah al-ʻArabīyah
_c[1964]
300 _a195 p.
_c22 cm.
500 _aAt head of title: Min nahr al-ḥayāh.
650 0 _aFamily life education.
999 _c47584
_d47584